Normal view
MARC view
Entry Personal Name
001 - CONTROL NUMBER
- control field: 69763
003 - CONTROL NUMBER IDENTIFIER
- control field: OSt
005 - DATE AND TIME OF LATEST TRANSACTION
- control field: 20171224125657.0
008 - FIXED-LENGTH DATA ELEMENTS
- fixed length control field: 171224|| aca||aabn | a|a d
040 ## - CATALOGING SOURCE
- Original cataloging agency: OSt
- Transcribing agency: OSt
100 ## - HEADING--PERSONAL NAME
- Personal name: paranjape, Makarand R.
670 ## - SOURCE DATA FOUND
- Source citation: Work cat.: (OSt): paranjape, Makarand R., Cultural Politics: In modern India , 2016









